Statystyki dla Dopasuj stolicę do państwa na każdą literę

Kliknij tutaj aby rozwiązać quiz!

Ogólne statystyki

  • Ten quiz został rozwiązany 78 razy
  • Średni wynik to 12 z 24

Statystyki odpowiedzi

PaństwoStolica% Poprawnych
ŁotwaRyga
91%
ChileSantiago
82%
Arabia SaudyjskaRijad
77%
IrakBagdad
69%
FilipinyManila
65%
WenezuelaCaracas
63%
UrugwajMontevideo
60%
Zjednoczone Emiraty ArabskieAbu Zabi
58%
EtiopiaAddis Abeba
57%
LibiaTrypolis
57%
JordaniaAmman
55%
DominikanaSanto Domingo
49%
ParagwajAsunción
48%
KostarykaSan José
48%
OmanMaskat
45%
SalwadorSan Salvador
42%
BahrajnManama
40%
TurkmenistanAszchabad
34%
HondurasTegucigalpa
32%
MozambikMaputo
31%
NigerNiamey
31%
GabonLibreville
28%
Republika ŚrodkowoafrykańskaBangi
25%
VanuatuPort Vila
23%

Rozkład punktacji

Percentyl według liczby udzielonych odpowiedzi

Procent ludzi z każdym wynikiem

Twoja historia wyników

Nie rozwiązałeś tego quizu